the stadium of premir league's team - Statistics

General Stats
  • This quiz has been taken 11 times
  • The average score is 6 of 20
Answer Stats
Hint Answer % Correct
arsenal Emirates Stadium
70%
Manchester United Old Trafford
70%
Liverpool Anfield
60%
Manchester City Etihad Stadium
60%
Chelsea Stamford Bridge
60%
Aston Villa Villa Park
50%
Fulham Craven Cottage
40%
Newcastle United St James' Park
40%
West Ham United London Stadium
30%
Leeds United Elland Road
20%
Everton Hill Dickinson Stadium
20%
Crystal Palace Selhurst Park
20%
Tottenham Hotspur Tottenham Hotspur Stadium
20%
Burnley Turf Moor
20%
Nottingham Forest City Ground
10%
Brighton & Hove Albion Falmer Stadium
10%
Wolverhampton Wanderers Molineux Stadium
10%
Brentford Brentford Community Stadium
0%
Bournemouth Dean Court
0%
Sunderland Stadium of Light
0%
No matching quizzes found
Score Distribution
Percent of People with Each Score
Percentile by Number Answered
Your Score History
You have not taken this quiz